|
|
|
|
| LEADER |
00738ncm a22002292a 4500 |
| 001 |
001244433 |
| 003 |
CZ BrMZK |
| 005 |
20120830121050.0 |
| 007 |
qu |
| 008 |
120830s1920 au |||||||||||||||||zxx d |
| 040 |
|
|
|a BOA001
|b cze
|
| 072 |
|
7 |
|a 786
|x Hudba pro klávesové nástroje
|2 Konspekt
|9 9
|
| 100 |
1 |
|
|a Hába, Alois,
|d 1893-1973
|7 jk01032899
|4 cmp
|
| 245 |
1 |
0 |
|a Deux morceaux de piano, op. 2
|h [hudebnina] /
|c Alois Hába
|
| 260 |
|
|
|a Vienne :
|b Edition Universelle,
|c 1920
|
| 300 |
|
|
|a 12 s.
|
| 490 |
1 |
|
|a Universal-Edition ;
|v Nr. 6389
|
| 830 |
|
0 |
|a Universal-Edition
|
| 910 |
|
|
|a BOA001
|b Mus4-0502.111
|
| 990 |
|
|
|a MU
|
| 991 |
|
|
|b 201208
|
| 996 |
6 |
|
|b 2619079764
|c Mus4-0502.111
|l MZK
|r Sklad / do 1 hodiny
|n 0
|w 001278376
|u 000010
|a 1
|e BOA001
|j MZK50
|s P
|